| 000 | 00746nam a2200205Ia 4500 | ||
|---|---|---|---|
| 003 | GCL | ||
| 008 | 140319s9999 xx 000 0 ara d | ||
| 040 |
_aGCL / _cGCL |
||
| 082 | 0 | 4 |
_aق _b962 _bا ت |
| 100 | 1 | _aالياس الايوبى | |
| 245 | 1 | 0 |
_aتاريخ مصر فى عهدالخديواسماعيل باشا من سنة1963الى سنة1879المجلدالثانى / _cالياس الايوبى |
| 260 |
_a[S.N] : _bمكتبة مدبولى ، _c1990 |
||
| 300 | _a565 ص | ||
| 490 |
_aصفحات من تاريخ مصر _v0 |
||
| 650 | 0 | 4 | _aالعصر الحديث |
| 650 | 0 | 4 | _aمصر |
| 650 | 0 | 4 | _aتاريخ |
| 650 | 0 | 4 | _aمصر - تاريخ - العصر الحديث - عصر اسماعيل ( 1863-1879 م ) |
| 942 |
_2ddc _cBK |
||
| 999 |
_c53015 _d53015 |
||